000 00645nab a2200229 a 4500
001 58135
003 129529
005 20201118103402.0
008 ||||||n9999 ||| || ||
041 _aspa
245 0 _aMurindo, escenario de guerra
260 _aBogotá :
_bCorporación Viva la Ciudadanía,
_c1998.
300 _app.20
562 _e0
650 _aANÁLISIS DE CASOS
650 _aCONFLICTO ARMADO
650 _aMURINDO, ANTIOQUIA (COLOMBIA)
650 _aVIOLACIÓN DE LOS DERECHOS HUMANOS
650 _aVIOLENCIA--ASPECTOS POLÍTICOS
773 _056640
_aCaja de Herramientas - Vol.7 No.56 (1998)
942 _cSART
999 _c58135
_d58135